BIBLIOTHÈQUE DE LA MAISON DU MEXIQUE

Logo 1 Logo 2

La ciudad y el campo en el México central (notice nᵒ 1231)

détails MARC
000 -Sello discográfico
campo de control de longitud fija 01142nam a2200361 4500
005 - Identificación de versión
campo de control 20251017062800.0
035 ## - Otros números de control del sistema
Número de control del sistema 27888
099 ## - fechas locales
Tipo de ítem Koha LIBRO
100 ## - Datos de procesamiento general
Datos de procesamiento general 20020617d1972 m y1spay5003 ba
101 1# - Idioma del recurso
Idioma del texto, banda sonora, etc. Español; Castellano
Idioma de la obra original Francés
105 ## - Campo de datos codificados: Material textual, monográfico
Datos codificados de monografía a 001zy
200 1# - Título y mención de responsabilidad
Título propio La ciudad y el campo en el México central
Designación general del material texto impreso
Primer mención de responsabilidad Claude Bataillon
Declaración de responsabilidad subsiguiente traducción Aurelio Garzón del Camino
205 ## - Declaración de edición
Declaración de edición 1a ed
210 ## - Publicación, distribución, etc.
Lugar de publicación, distribución, etc. México
Nombre del editor, distribuidor, etc. Siglo Veintiuno Editores
Fecha de publicación, distribución, etc. 1972
215 ## - Descripción física
Designación de material específico y extensión del ítem 343 p
Otras características físicas il.
Dimensiones 21 cm
300 ## - Notas generales
Texto de la nota Incluye índice de nombres
320 ## - Nota de índices/bibliografías internas
Texto de la nota Bibliografía: p.311-333
345 ## - Nota de información de adquisición
Fuente de adquisición/dirección de la suscripción [OBSOLETO] Donación
410 #1 - Series
Título Economía y demografía
454 #1 - Traducción de
Título Ville et campagnes dans la région de México
607 ## - Nombre geográfico utilizado como tema
Elemento de entrada México
Subdivisión temática Condiciones económicas
Número Koha 110
607 ## - Nombre geográfico utilizado como tema
Elemento de entrada México
Subdivisión temática Condiciones sociales
Número Koha 111
660 ## - Código de área geográfica
Código MX
700 ## - Nombre personal - Responsabilidad primaria
Elemento de entrada Bataillon
Parte del nombre distinta del elemento de entrada Claude
Fechas 1931-
Número Koha 1942
702 ## - Nombre personal - Responsabilidad secundaria
Elemento de entrada Garzón del Camino
Parte del nombre distinta del elemento de entrada Aurelio
Fechas 1904-?
Número Koha 3257
801 #0 - Fuente de origen
Agencia cm
900 ## -
-- 1/1327
900 ## -
-- 7100213109\170602
942 ## - ELEMENTOS DE ENTRADA SECUNDARIOS (KOHA)
Tipo de ítem Koha Livre
996 ## -
-- MEX
-- 751145101
-- MMAG
-- 007386
-- 330.972 B328CI
-- 20230207LIV
Exemplaires
Estatus retirado Estado de daño Estado de pérdida Fecha de adquisición Biblioteca de origen Biblioteca actual Ubicación en estantería Código de barras Precio de reemplazo Signatura topográfica completa No para préstamo Tipo de ítem Koha Nota pública Nota no pública
      05/08/2025 Casa México Paris Casa México Paris   007386 05/08/2025 330.972 B328CI   Livre 20230207LIV 751145101